KOHA-Header-6

A Course Electrical Installation Estimating & Costing (Record no. 1011)

000 -LEADER
fixed length control field 00327nam a2200121Ia 4500
008 - FIXED-LENGTH DATA ELEMENTS--GENERAL INFORMATION
fixed length control field 190722s9999 xx 000 0 und d
020 ## - INTERNATIONAL STANDARD BOOK NUMBER
International Standard Book Number 13-978-93-5014-279-0
100 ## - MAIN ENTRY--PERSONAL NAME
Personal name J.B.Gupta
245 #2 - TITLE STATEMENT
Title A Course Electrical Installation Estimating & Costing
260 ## - PUBLICATION, DISTRIBUTION, ETC. (IMPRINT)
Place of publication, distribution, etc New Delhi
Name of publisher, distributor, etc S.K.Kataria
Date of publication, distribution, etc 2015
300 ## - PHYSICAL DESCRIPTION
Extent 526
942 ## - ADDED ENTRY ELEMENTS (KOHA)
Koha item type Books
Holdings
Withdrawn status Lost status Source of classification or shelving scheme Damaged status Not for loan Collection code Permanent Location Current Location Shelving location Date acquired Full call number Barcode Date last seen Price effective from Koha item type
          Electrical Engineering MAJU MAJU Shelf No.A34 2019-07-22 621.319 7636 2019-07-22 2019-07-22 Electrical Engineering

Powered by Koha